01509nab a22002417a 4500999001500000003000400015005001700019008004100036040000700077100003200084245015300116300001500269500003700284505049500321505012700816650002800943650003100971650002901002650003201031650003501063773015601098942001301254 c6219d6219OSt20260126004812.0190514b xxu||||| |||| 00| 0 spa d cPJ 96942a Passini, Fabiana L. 13aEl control de legalidad judicial frente al poder de disposición administrativo : bun fallo que presume interseccionalidad /cFabiana L. Passini.  ap. 125-134 aCita: TR LALEY AR/DOC/2118/2024. aSumario: I. Que la falta de autocrítica no nos sesgue la necesaria mirada objetiva.— II. La mera acción dispositiva automatizada del Estado en su función administrativa.— III. El Poder Judicial en un intento efectivo de soluciones interseccionalizadas.— IV. La designación de abogado del niño ad hoc, en el caso como herramienta creativa indispensable.— V. Un atisbo de reflexión: el Estado como garante de derechos o como un mero gestor de intervenciones prejuiciosas.  tFallo comentado: JPaz, Mendoza ~ 12/04/2024 ~ ETI c. la adolescente A. G. X. s/ medida excepcional (control de legalidad). 09967aDERECHO DE FAMILIA 092989aCONTROL DE LEGALIDAD 094105aABOGADO DEL NIÑO 09877aADMINISTRACION PUBLICA 091057aJURISPRUDENCIA APLICABLE0 0284493222dBuenos Aires : AbeledoPerrot, 1989-tDerecho de familia. Revista Interdisciplinaria de doctrina y jurisprudencia. Octubre 2024-V.z18511201 2udccANA